00651 a2200193 4500001000700000003000400007005001700011008004100028082001900069100001800088245007600106260002800182300001000210690007600220700002100296942001200317999001500329952011300344132122OSt20211011163642.0  a820.9003bH77R1 aHopkins, Lisa1 aRenaissance literature and culturecby Lisa Hopkins and Matthew Steggle aLondonbContinuumc2008 a144p. aEnglish literature--Early modern; Literature and society; Great Britain aSteggle, Matthew 2ddccBK c6504d6504 00102ddc40708TXBaCURAJbCURAJd2012-06-08eENGg175.00o820.9003 H77Rp8903r2024-11-21w2020-09-02yBK